02059nam a22002417a 450000500170000000800410001702000180005804000070007604100080008308200180009110000260010924500630013526000400019830000270023836500710026552011610033665000240149765000210152165000300154294200120157299900190158495202140160320251018100348.0251017b |||||||| |||| 00| 0 eng d a9781804093696 cAL aeng a332.024bHOUA aMorgan Housel9242486 aArt of spending money b: simple choices for a richer life aGreat BritainbHarriman Housec2025 aix,254pbPBc21.5x14cm 2PsychologyaLKO1-3754584b₹321.10c₹d₹321.10e0f07-10-2025 aFrom the bestselling author of The Psychology of Money and Same as Ever, lessons on harnessing the power of money to live a happier life Most of us don’t know how to spend money. We chase things that impress others but leave us cold. Or we save endlessly, afraid to spend on what would actually make life better. We confuse admiration with envy, comfort with excess, and utility with status. The Art of Spending Money doesn't provide budgets, hacks, or one-size-fits-all solutions. It gives you understanding of how your relationship with money shapes your decisions—and how to reshape it so money works for you. Morgan Housel’s work has helped millions rethink how they earn, save, and invest. Now he turns his attention to the other side of the equation: how to spend. With insight and warmth, he shows why the most valuable return on investment is peace of mind, why expectations matter more than income, and why doing well with money has less to do with spreadsheets and more to do with self-awareness. This book isn’t about getting rich. It’s about getting the most out of what you already have—and learning to want what’s worth wanting. aSocial Debt9242459 aIdentity9242460 aUtility vs Status9242461 2ddccBK c240574d240574 00102ddc40708PSYaALbALcSKd2025-10-14g321.10l2o332.024 HOUAp077922q2026-03-31r2026-03-28 11:04:09s2026-03-28uhttps://cdn.bookey.app/files/pdf/book/en/the-art-of-money.pdfv321.10w2025-10-07yBK